000 00428nam a2200145Ia 4500
008 171212s9999 xx 000 0 und d
020 _a9781760461256
100 _aJones, Barry
245 _cJones, Barry
_aDictionary of World Biography
260 _bANU E Press
_c2017
440 _aANU Lives Series in Biography
650 _aBiography -- Dictionaries
650 _aHistory
856 _uhttp://jstor.org/stable/j.ctt1rfsrst
999 _c351073
_d351073